000 00961nac a22003257a 4500
001 BR9702323
003 BR-BrBNA
005 20240105121914.0
008 230509b bl.|||m| |||| 00| 0 por d
040 _aBR-BrBNA
_bpor
_cBiblioteca Nacional de Agricultura
072 _aE12
090 _a5100 BR9702323
100 1 _aBrito, A.A. de
100 1 _aVieira, A.P.
100 1 _aSalles, A.C. e
100 1 _aSilva, H. de O.D.F. e
100 1 _aAndrade, M.M. de
100 1 _aSilveira, M.I. da
100 1 _aTrindade, R.A.S.
100 1 _aBeck, S.
110 1 _aServico Nacional de Aprendizagem Rural, Brasilia, DF (Brasil)
245 1 _aTrabalhador na equideocultura
260 3 _aBrasilia, DF (Brasil):
_c1996.
300 _a24 p.
490 _aSerie Conteudos Ocupacionais (Brazil)
_vno. 44
_xISSN 0104-9690
650 _aEquino
650 _aTrabalhador Rural
909 _a202312
_bLúcia Elande
_c55
_dLúcia Elande
942 _2AGRIS
_n0
_cMS
999 _c288146
_d288146